000 00672nam a2200277Ia 4500
005 20260324130200.0
008 008 260324s9999 xx 000 0 eng d
020 _a9781315245683
037 _aEBOOK
040 _aCRL
040 _beng
040 _cCRL
041 _2eng
041 _aeng
084 _qCRL
100 _aJanis Ikstens; Steven D. Roper
_91180815
245 0 _aPublic Finance and Post-Communist Party Development
260 _bTaylor and Francis
260 _c2008
365 _a
365 _b67.99
856 _uhttp://www.taylorfrancis.com/books/9781315245683
942 _cEBOOK
999 _c1776759
_d1776759